Normal görünüm
MARC görünümü
Giriş Personal Name
001 - CONTROL NUMBER
- control field: 3226
003 - CONTROL NUMBER IDENTIFIER
- control field: TR-AnABB
005 - DATE AND TIME OF LATEST TRANSACTION
- control field: 20260330132254.0
008 - FIXED-LENGTH DATA ELEMENTS
- fixed length control field: 260330|| aca||aabn | a|a d
040 ## - CATALOGING SOURCE
- Original cataloging agency: TR-AnABB
- Transcribing agency: TR-AnABB
100 ## - HEADING--PERSONAL NAME
- Personal name: Stark, Fred
670 ## - SOURCE DATA FOUND
- Source citation: Koha: (TR-AnABB)10101: Kıvanç, Halit 3224, Bulutlarla yarışan kadın : Halit Kıvanç, Sabiha Gökçen'le söyleşiyor =, 1998
